| 000 -LEADER |
| fixed length control field |
00379nam a22000977a 4500 |
| 008 - FIXED-LENGTH DATA ELEMENTS--GENERAL INFORMATION |
| fixed length control field |
160321b xxu||||| |||| 00| 0 eng d |
| 100 ## - MAIN ENTRY--AUTHOR'S NAME |
| Author's Name |
Germany. Bundesministerium fur Post und Telekommunikation |
| 245 ## - TITLE STATEMENT |
| Title |
Verbindungen, 1490-1990 500 Jahre Post |
| 260 ## - PUBLICATION, DISTRIBUTION, ETC. (IMPRINT) |
| Place of publication, distribution, etc. |
Bonn, Germany |
| Name of publisher, distributor, etc. |
Bundesminister fur Post und Telekommunikation |
| Date of publication, distribution, etc. |
1990 |
| 650 ## - TOPICAL TERM (Tag) |
| Topical term or geographic name |
Germany -- Postal Service -- Collected Works |